ចំណេះវិជ្ជា ជាមូលដ្ឋានក្នុងការជួសជុលរថយន្ត (Record no. 9312)

000 -LEADER
fixed length control field 00353nam a22001217a 4500
040 ## - CATALOGING SOURCE
Transcribing agency SY
082 ## - DEWEY DECIMAL CLASSIFICATION NUMBER
Classification number 887
100 ## - MAIN ENTRY--AUTHOR NAME
Personal name ហ្សី វេសេ
245 ## - TITLE STATEMENT
Title ចំណេះវិជ្ជា ជាមូលដ្ឋានក្នុងការជួសជុលរថយន្ត
260 ## - PUBLICATION, DISTRIBUTION, ETC. (IMPRINT)
Place of publication RUA
Name of publisher ហ្សី
Year of publication NA
300 ## - PHYSICAL DESCRIPTION
Number of Pages 91p.
942 ## - ADDED ENTRY ELEMENTS (KOHA)
Koha item type សៀវភៅភាសាខ្មែរ
952 ## - LOCATION AND ITEM INFORMATION (KOHA)
Withdrawn status [LOCAL, KOHA] 0
952 ## - LOCATION AND ITEM INFORMATION (KOHA)
Withdrawn status [LOCAL, KOHA] 0
952 ## - LOCATION AND ITEM INFORMATION (KOHA)
Withdrawn status [LOCAL, KOHA] 0
Holdings
Koha item type Barcode Lost status Permanent Location Current Location Date acquired Full call number
សៀវភៅភាសាខ្មែរRUA043210 Library Block CLibrary Block C2016-08-31887 ហ្សី NA
សៀវភៅភាសាខ្មែរRUA41675 Library Block CLibrary Block C2016-08-31887 ហ្សី NA
សៀវភៅភាសាខ្មែរRUA042987 Library Block CLibrary Block C2016-08-31887 ហ្សី NA
មជ្ឈមណ្ឌលឯការនៃសាកលវិទ្យាល័យភូមិន្ទកសិកម្មចំការដូង

Powered by Koha